| 000 | 00794cam a2200313 i 4500 | ||
|---|---|---|---|
| 001 | 0000537 | ||
| 003 | DO-SdBNP | ||
| 005 | 20221202084116.0 | ||
| 007 | 0000537 | ||
| 008 | 100514s 2000 sp a 000 f spa | ||
| 015 | _a | ||
| 017 |
_a _b |
||
| 020 | _a842079001X | ||
| 035 | _a | ||
| 040 |
_aBPMSU _bspa _cBPMSU _e |
||
| 080 | _a | ||
| 082 | 4 |
_a863.6 _bM752d 2000 _222 |
|
| 100 | 1 | _aMonreal, Violeta | |
| 245 | 1 | 0 |
_aDías de gatos / _h _cVioleta Monreal |
| 250 | _a2a. ed. | ||
| 260 |
_aMadrid : _bAnaya, _c2000. |
||
| 300 |
_a[80] p.: _bil. _c20 m |
||
| 490 | 0 |
_aEl duende verde, _v113 |
|
| 586 | _aPremio Doncel de biografía 1962 | ||
| 650 | 4 | _aCuentos Infantiles españoles. | |
| 650 | 4 |
_aPríncipes _xCuentos Infantiles |
|
| 910 | _aVMateo V./Validado | ||
| 942 |
_2ddc _cBK |
||
| 999 |
_c10897 _d10897 |
||